000 00568nam a2200217Ia 4500
003 OSt
005 20230511163645.0
008 210210b0 xxu||||| |||| 00| 0 eng d
040 _cAL
041 _a English
082 _a542 SRIL
100 _aSRINIVAN (A) & Others.
_9103805
245 _aLaboratory manual in chemistry. Vol.1
260 _aBangalore
_bExpert Educational Publishers
_c0
300 _a30
440 _a1
_9103806
650 _aLaboratory manual chemistry
_9103807
690 _aChemistry Laboratory
_9103808
906 _a050899
942 _2ddc
_cBK
999 _c99213
_d99213